Statistics for New Mexico General Knowledge

Click here to take the quiz!

General Stats

  • This quiz has been taken 93 times
  • The average score is 8 of 15

Answer Stats

HintAnswer% Correct
City famous for UFO sightings and a crashRoswell
97%
Capital city in the Sangre de Cristo foothills.Santa Fe
92%
Nickname: Land Of ___________Enchantment
86%
Second largest city in New MexicoLas Cruces
86%
New Mexico's largest city in the High DesertAlbuquerque
78%
National Monument in the northern desertWhite Sands
72%
University in the above cityNew Mexico State
67%
National Park is in the Chihuahuan DesertCarlsbad Caverns
64%
State question. Likely to be askedRed or Green
50%
Famous artist who died in Santa FeGeorgia O'Keeffe
44%
Mountain range north of AlbuquerqueSandia Mountains
39%
Famous disney actress born in AlbuquerqueDemi Lovato
36%
Chapel famous for its Miraculous StaircaseLoretto Chapel
19%
National Historic Park on the state quarterChaco Culture
6%
National Monument part of the Volcanic FieldCapulin Volcano
3%

Score Distribution

Percentile by Number Answered

Percent of People with Each Score

Your Score History

You have not taken this quiz